Central Library OPAC University of Rajshahi

African women : (Record no. 11574)

MARC details
000 -LEADER
fixed length control field 00858cam a2200265 i 4500
001 - CONTROL NUMBER
control field 11574
003 - CONTROL NUMBER IDENTIFIER
rucl marc code BD-RjUL
005 - DATE AND TIME OF LATEST TRANSACTION
control field 20211208235140.0
008 - FIXED-LENGTH DATA ELEMENTS--GENERAL INFORMATION
fixed length control field 140127r1965 1939nyuaf b 001 0 eng
020 ## - INTERNATIONAL STANDARD BOOK NUMBER
International Standard Book Number 0404121039
035 ## - SYSTEM CONTROL NUMBER
System control number (BD-RjUL)
040 ## - CATALOGING SOURCE
Original cataloging agency DLC
Transcribing agency DLC
Modifying agency (BD-RjUL)
Language of cataloging eng
041 ## - LANGUAGE CODE
Language code of text/sound track or separate title eng
082 00 - DEWEY DECIMAL CLASSIFICATION NUMBER
Classification number 301.412096694
Author mark and year LEA 1965
100 2# - MAIN ENTRY--PERSONAL NAME
Personal name Leith-Ross, Sylvia.
9 (RLIN) 35802
245 10 - TITLE STATEMENT
Title African women :
Remainder of title a study of the Ibo of Nigeria /
Statement of responsibility, etc. Sylvia Leith-Ross ; with a foreword by Lord Lugard.
260 ## - PUBLICATION, DISTRIBUTION, ETC. (IMPRINT)
Place of publication, distribution, etc. New York :
Name of publisher, distributor, etc. AMS Press,
Date of publication, distribution, etc. 1965.
300 ## - PHYSICAL DESCRIPTION
Pagination 367 p. :
Illustrations ill. ;
Size 23 cm.
500 ## - GENERAL NOTE
General note Reprint of the 1939 ed. published by Routledge & K. Paul, London.
504 ## - BIBLIOGRAPHY, ETC. NOTE
Bibliography, etc Includes bibliographical references and index.
650 #0 - SUBJECT ADDED ENTRY--TOPICAL TERM
Topical term or geographic name as entry element Women, Igbo.
9 (RLIN) 35803
Topical term or geographic name as entry element Women
Geographic subdivision Nigeria.
9 (RLIN) 35804
942 ## - ADDED ENTRY ELEMENTS (KOHA)
Source of classification or shelving scheme Dewey Decimal Classification
Koha item type Books
Holdings
Lost status Source of classification or shelving scheme Damaged status Not for loan Collection code Permanent Location Current Location Shelving location Date acquired Source of acquisition Cost, normal purchase price Total Checkouts Full call number Date last seen Copy number Koha item type
  Dewey Decimal Classification     Non-fiction Central Library, University of Rajshahi Central Library, University of Rajshahi Reading Room 15/02/1970 Sweets & Zeitlingers 42.00   301.412096694 LEA 1965 27/01/2014 C-1 Books
  Dewey Decimal Classification     Non-fiction Central Library, University of Rajshahi Central Library, University of Rajshahi   15/02/1970 Sweets & Zeitlingers 42.00   301.412096694 LEA 1965 29/05/2017 C-2 Books